عرض عادي
عرض مارك
- Latham, Sean,
مدخل إسم شخص
001 - رقم الضبط
- حقل الضبط: 7536
003 - معرف رقم الضبط
- حقل الضبط: OSt
005 - تاريخ ووقت أخر عملية
- حقل الضبط: 20111210094320.0
008 - عناصر بيانات ثابتة الطول
- حقل تحكم ثابت الطول: 111210|||a|||||| | ||| d
040 ## - مصدر الفهرسة
- هيئة الفهرسة الأصلية: OSt
- وكالة الكتابة: OSt
100 ## - مدخل -- أسم شخص
- إسم شخص: Latham, Sean,
- تواريخ مرتبطة بالاسم: 1971-
670 ## - بيانات المصدر موجوده
- الاستشهاد بالمصدر: Work cat.: (OSt)20630: Latham, Sean, 1971-, The art of scandal :, 2009.
